000
00337pam a2200157a 44500
008
230515b2009 xxu||||| |||| 00| 0 eng d
020
_a
NULL
041
_a
MARATHI
082
_a
610.73
100
_a
RAJENDRA GHADGE
245
_a
PRATIBIMB MANA MANATAL
250
_a
0
260
_a
_b
C B S
_c
2009
300
_a
71
650
_a
NULL
999
_c
528181
_d
528181